| 000 | 00703nam a2200217 a 4500 | ||
|---|---|---|---|
| 001 | 3059 | ||
| 003 | CDMR | ||
| 005 | 20151104100601.0 | ||
| 008 | 130130s2004||||||||||||||||||||||||||||d | ||
| 020 | _a8493343420 | ||
| 040 |
_aCDMR _bcat _cCPC GIRONA |
||
| 100 | 1 |
_aDomingo, David _92238 |
|
| 245 | 1 | 0 |
_aPeriodisme digital a Catalunya _b: radiografia de 445 webs informatius _cDavid Domingo |
| 260 |
_bCol·legi de Periodistes de Catalunya _aBarcelona |
||
| 260 |
_c2004 _bDiputació de Barcelona |
||
| 490 | 0 |
_aOnes i bits _v5 |
|
| 650 | 0 | 4 |
_94303 _aAdreces d'Internet _xDirectoris |
| 650 | 0 | 4 |
_93076 _aPeriodisme digital _zCatalunya |
| 710 | 2 |
_9133 _aCol·legi de Periodistes de Catalunya |
|
| 942 |
_cMON _2udc |
||
| 999 |
_c3059 _d3059 |
||